It looks like you're offline.
Open Library logo
additional options menu

MARC Record from Scriblio

Record ID marc_records_scriblio_net/part25.dat:36685683:1324
Source Scriblio
Download Link /show-records/marc_records_scriblio_net/part25.dat:36685683:1324?format=raw

LEADER: 01324nam 2200289 a 4500
001 95075236
003 DLC
005 19960916085731.3
008 950119s1995 enka f 001 0 eng d
010 $a 95075236
020 $a1563920549 :$c$18.95
035 $a(OCoLC)33166956
040 $aMoS$cMoS$dMnSP$dDLC
042 $alccopycat
050 04 $aTL448.K38$bA3724 1995
082 00 $a629.28/772$220
100 1 $aAhlstrand, Alan.
245 10 $aKawasaki ZX750 (Ninja ZX-7 & ZXR750) fours owners workshop manual /$cby Alan Ahlstrand and John H. Haynes.
246 14 $aKawasaki ZX750 (Ninja ZX-7 & ZXR750) fours
260 $aSomerset, England :$bHaynes Pub. ;$aNewbury Park, Calif. :$bHaynes North America,$cc1995.
300 $a1 v. (various pagings) :$bill. ;$c27 cm.
440 0 $aHaynes owners workshop manual series
500 $aModels covered: ZX750 H (1989 and 1990 US Ninja ZX-7, UK ZXR750), 748 cc. ; ZX750 J (1991 and 1992 US Ninja ZX-7, UK ZXR750), 749 cc. ; ZX750 K (1991 and 1992 US Ninja ZX-7R, UK ZXR750R), 749 cc. ; ZX750 L (1993-on US Ninja ZX-7, UK ZXR750), 749 cc. ; ZX750 M (1993-on US Ninja ZX-7R, UK ZXR750R, 749 cc.
500 $a"Haynes 2054"--Cover.
500 $aIncludes index.
650 0 $aKawasaki motorcycle$xMaintenance and repair$xHandbooks, manuals, etc.
700 1 $aHaynes, John Harold.